Darling to Hope (Record no. 11550)

MARC details
000 -LEADER
fixed length control field 00244nam a22000977a 4500
008 - FIXED-LENGTH DATA ELEMENTS--GENERAL INFORMATION
fixed length control field 190618b ||||| |||| 00| 0 eng d
020 ## - INTERNATIONAL STANDARD BOOK NUMBER
International Standard Book Number 9780735290600
100 ## - MAIN ENTRY--PERSONAL NAME
Personal name Majors .K.D
9 (RLIN) 7259
245 ## - TITLE STATEMENT
Title Darling to Hope
260 ## - PUBLICATION, DISTRIBUTION, ETC. (IMPRINT)
Place of publication, distribution, etc. U S A
Name of publisher, distributor, etc. Mutnoman
Date of publication, distribution, etc. 2017
Holdings
Withdrawn status Lost status Source of classification or shelving scheme Damaged status Koha normalized classification for sorting Not for loan Home library Current library Shelving location Date acquired Total Checkouts Full call number Barcode Date last seen Price effective from Koha item type
    Dewey Decimal Classification   276_000000000000000_E5   Good Samaritan School Library Good Samaritan School Library RELIGION 06/18/2019   276 E-5 MAJ15443 06/18/2019 06/18/2019 BOOK

Powered by Koha